Name a Pokémon of Every Type Combo - Gen VIII - Statistics

General Stats
  • This quiz has been taken 20 times
  • The average score is 45 of 55
Answer Stats
Type Combo # of Pokémon Answer % Correct
Single-type Pokémon Grass 5 Grookey | Thwackey | Rillaboom | Gossifleur | Eldegoss
100%
Single-type Pokémon Fire 3 Scorbunny | Raboot | Cinderace
100%
Single-type Pokémon Bug 1 Blipbug
89%
Single-type Pokémon Fighting 6 Clobbopus | Grapploct | Sirfetch'd | Falinks | Zamazenta (Hero of Many Battles) | Kubfu
89%
Dual-type Pokémon Bug/Psychic 2 Dottler | Orbeetle
89%
Single-type Pokémon Ice 2 Eiscue | Glastrier
89%
Single-type Pokémon Fairy 3 Milcery | Alcremie | Zacian (Hero of Many Battles)
89%
Single-type Pokémon Dark 2 Nickit | Theivul
89%
Single-type Pokémon Dragon 1 Regidrago
89%
Single-type Pokémon Flying 2 Rookidee | Corvisquire
89%
Single-type Pokémon Ground 2 Silicobra | Sandaconda
89%
Single-type Pokémon Ghost 4 Sinistea | Polteageist | Cursola | Spectrier
89%
Single-type Pokémon Normal 4 Skwovet | Greedent | Wooloo | Dubwool
89%
Single-type Pokémon Water 6 Sobble | Drizzile | Inteleon | Chewtle | Arrokuda | Barraskewda
89%
Single-type Pokémon Electric 4 Yamper | Boltund | Pincurchin | Regieleki
89%
Dual-type Pokémon Grass/Dragon 3 Applin | Flapple | Appletun
78%
Dual-type Pokémon Water/Ice 1 Arctovish
78%
Dual-type Pokémon Electric/Ice 1 Arctozolt
78%
Dual-type Pokémon Water/Ghost 1 Basculegion
78%
Dual-type Pokémon Psychic/Grass 1 Calyrex
78%
Dual-type Pokémon Rock/Fire 2 Carkol | Coalossal
78%
Dual-type Pokémon Flying/Steel 1 Corviknight
78%
Dual-type Pokémon Flying/Water 1 Cramorant
78%
Dual-type Pokémon Water/Dragon 1 Dracovish
78%
Dual-type Pokémon Electric/Dragon 1 Dracozolt
78%
Dual-type Pokémon Water/Rock 1 Drednaw
78%
Dual-type Pokémon Dragon/Ghost 3 Dreepy | Drakloak | Dragapult
78%
Dual-type Pokémon Steel/Dragon 1 Duraludon
78%
Dual-type Pokémon Fairy/Flying 1 Enamorus
78%
Dual-type Pokémon Poison/Dragon 1 Eternatus
78%
Single-type Pokémon Psychic 2 Hatenna | Hattrem
78%
Dual-type Pokémon Psychic/Fairy 1 Hatterene
78%
Dual-type Pokémon Psychic/Ice 1 Ice Rider Calyrex
78%
Dual-type Pokémon Dark/Fairy 3 Impidimp | Morgrem | Grimmsnarl
78%
Dual-type Pokémon Psychic/Normal 1 Indeedee
78%
Dual-type Pokémon Bug/Rock 1 Kleavor
78%
Dual-type Pokémon Electric/Dark 1 Morpeko
78%
Dual-type Pokémon Ice/Psychic 1 Mr. Rime
78%
Dual-type Pokémon Dark/Normal 1 Obstagoon
78%
Dual-type Pokémon Dark/Poison 1 Overqwil
78%
Single-type Pokémon Steel 3 Perrserker | Cufant | Copperajah
78%
Single-type Pokémon Rock 2 Rolycoly | Stonjourner
78%
Dual-type Pokémon Ground/Ghost 1 Runerigus
78%
Dual-type Pokémon Psychic/Ghost 1 Shadow Rider Calyrex
78%
Dual-type Pokémon Fire/Bug 2 Sizzlipede | Centiskorch
78%
Dual-type Pokémon Fighting/Poison 1 Sneasler
78%
Dual-type Pokémon Ice/Bug 2 Snom | Frosmoth
78%
Dual-type Pokémon Electric/Poison 2 Toxel | Toxtricity
78%
Dual-type Pokémon Ground/Normal 1 Ursaluna
78%
Dual-type Pokémon Fighting/Water 1 Urshifu (Rapid Strike Style)
78%
Dual-type Pokémon Fighting/Dark 1 Urshifu (Single Strike Style)
78%
Dual-type Pokémon Normal/Psychic 1 Wyrdeer
78%
Dual-type Pokémon Fairy/Steel 1 Zacian (Crowned Sword)
78%
Dual-type Pokémon Fighting/Steel 1 Zamazenta (Crowned Shield)
78%
Dual-type Pokémon Dark/Grass 1 Zarude
78%
No matching quizzes found
Score Distribution
Percent of People with Each Score
Percentile by Number Answered
Your Score History
You have not taken this quiz